| 000 | 00976na a2200277 4500 | ||
|---|---|---|---|
| 001 | 18293 | ||
| 003 | MIRAKIL | ||
| 005 | 20181213154915.0 | ||
| 008 | 161116b tu 000 0 | ||
| 020 | _a9754583188 | ||
| 040 |
_aMilas _btur _cTR-AnCHP |
||
| 041 | _atur | ||
| 082 |
_a923.9 _bÇığ,M.İ. Ç43 2002 |
||
| 090 | _a923.9 Çığ,M.İ. Ç43 2002 | ||
| 100 | _aÇığ, Muazzez İlmiye | ||
| 245 |
_aÇivi çiviyi söker _bMuazzez İlmiye Çığ kitabı _cMuazzez İlmiye Çığ ; söyleşi Serhat Öztürk ; yayına hazırlayan Mürşit Balabanlılar |
||
| 246 | _aMuazzez İlmiye Çığ kitabı | ||
| 260 |
_aİstanbul _bTürkiye İş Bankası Kültür Yayınları _c2002 |
||
| 300 |
_a188 s. _bfotg. _c20 sm. |
||
| 440 |
_aTürkiye İş Bankası Kültür Yayınları _n561 |
||
| 490 |
_aEdebiyat dizisi _a181 |
||
| 650 |
_aSümeroloji _xAraştırmacılar _ySöyleşi |
||
| 700 | _aBalabanlılar, Mürşit | ||
| 700 | _aÖztürk, Serhat | ||
| 942 |
_2ddc _cBKS |
||
| 999 |
_c2964 _d2964 |
||